FAO monthly bulletin of statistics

Guardado en:
Detalles Bibliográficos
Formato: Seriadas
Lenguaje:inglés
Publicado: Rome Food and Agriculture Organization 1979
Etiquetas: Agregar Etiqueta
Sin Etiquetas, Sea el primero en etiquetar este registro!

MARC

LEADER 00000nas2a2200000 4500
001 0010889
005 20250730114258.4
041 0 |a eng 
044 |a IT 
245 1 0 |a FAO monthly bulletin of statistics 
264 1 |a Rome  |b Food and Agriculture Organization  |c 1979 
300 |a 1 zv. 
773 0 |w eu_un_cat*s120686